000
00296nam a2200109Ia 4500
008
230907s9999||||xx |||||||||||||| ||und||
082
_a
333.7932
_b
CRO
245
0
_a
Computational methods for electric power systems /
260
_a
CRC Press,
_b
Boca Raton :
_c
2016
300
_a
333 p.
942
_c
BK
999
_c
600784
_d
600784